Φορτώνει......
കൽപ്പിതകഥയിലേത് മാതിരി
| Κύριος συγγραφέας: | |
|---|---|
| Άλλοι συγγραφείς: | |
| Μορφή: | Printed Book |
| Έκδοση: |
Kottayam
DC Books
2009
|
| Θέματα: |
| LEADER | 00584nam a22001577a 4500 | ||
|---|---|---|---|
| 020 | |a 9788126424436 | ||
| 082 | |a M 894.812 3 |b UNN/K | ||
| 100 | |a ഉണ്ണി,കെ.പി. | ||
| 245 | |a കൽപ്പിതകഥയിലേത് മാതിരി | ||
| 260 | |a Kottayam |b DC Books |c 2009 | ||
| 300 | |a 292p. | ||
| 650 | |a Kalppithakadhayilethumaathiri-Novel | ||
| 700 | |a Unni,K.P. | ||
| 942 | |c BK | ||
| 999 | |c 39437 |d 39437 | ||
| 952 | |0 0 |1 0 |4 0 |6 M_894_812000000000000_3_UNNK |7 0 |8 Stack |9 41970 |a KUCL |b KUCL |c M |d 2016-05-06 |g 150.00 |l 1 |o M 894.812 3 UNN/K |p 40472 |r 2016-12-03 |s 2016-11-04 |w 2016-05-06 |y BK | ||